| 000 | 01455nam a22003977a 4500 | ||
|---|---|---|---|
| 003 | CHAP | ||
| 005 | 20220329134155.0 | ||
| 008 | 971013s1975 r 00010 d | ||
| 010 | _a16529 | ||
| 011 | _a17501 | ||
| 035 | _a21584 | ||
| 040 | _cCHAP | ||
| 082 |
_a632.12 _bH6 |
||
| 100 | 0 | 0 |
_aHounam, C. E. _956440 |
| 245 | _aDrought and agriculture | ||
| 260 |
_aGeneva : _bWorld Meteorological Organization, _c1975 |
||
| 300 |
_a127 p. _b: mapas ; gráfs. |
||
| 490 |
_aTechnical note _v; 138 |
||
| 590 |
_aBATCH-UPD _b10 _c20130110 _lUCH01 _h1518 |
||
| 590 |
_aBATCH-UPD _b10 _c20130410 _lUCH01 _h0931 |
||
| 590 |
_aBATCH-UPD _b10 _c20130914 _lUCH01 _h0321 |
||
| 590 |
_aBATCH-UPD _b10 _c20130914 _lUCH01 _h2020 |
||
| 590 |
_aCONVERSION _b10 _c20130109 _lUCH01 _h1310 |
||
| 650 | 1 | 4 |
_aAgricultura _xRegiones áridas. _91781 |
| 650 | 1 | 4 |
_aCultivos _xEfecto de las sequías. _930255 |
| 650 | 1 | 4 |
_aSequías. _9104511 |
| 710 | 0 |
_aOrganización Meteorológica Mundial. _983552 |
|
| 830 | 0 |
_aTechnical note _v; 138 _9111897 |
|
| 901 | _aBK | ||
| 942 | _cLIBRO | ||
| 949 |
_a632.12 H6 _bBC _cLIBRO _d33724000177259 _eLIBRO _h54908 _i21584 _si |
||
| 949 |
_a632.12 H6 _bBC _cLIBRO _d33724000177267 _eLIBRO _fc.2 _h54909 _i21584 _si |
||
| 949 |
_a632.12 H6 _bBC _cLIBRO _d33724000177275 _eLIBRO _fc.3 _h54913 _i21584 _si |
||
| 949 |
_a632.12 H6 _bBC _cLIBRO _d33724000177283 _eLIBRO _fc.4 _h54914 _i21584 _si |
||
| 949 |
_a632.12 H6 _bBC _cLIBRO _d33724000177291 _eLIBRO _fc.5 _h54915 _i21584 _si |
||
| 999 |
_c16529 _d16529 |
||